000 00431nam a2200181Ia 4500
001 20524
005 20260306172812.0
008 260306t2020||||xx |||||||||||||| ||spa||
041 _aESP
082 _a343.335
_bT81T
100 _aTribunal Constitucional del Perú
_eAUT
245 0 _aEl amparo virtual
260 _c2020
300 _a221 páginas :
_c24 cm.
650 _aGEN
654 _aCDE
942 _cLIB
_dJUS
_fJUS
_2ddc
_n
999 _c20524
_d20524